| 000 | 00757nam a22002177a 4500 | ||
|---|---|---|---|
| 999 |
_c17914 _d17914 |
||
| 003 | AR-CdUCM | ||
| 008 | 190510b ||||| |||| 00| 0 spa d | ||
| 040 |
_aMUNICIPALIDAD PROVINCIAL DEL CUSCO _cBIBLIOTECA MUNICIPAL DEL CUSCO |
||
| 082 |
_a581.9 / _bV66 |
||
| 100 |
_aHuguet del Villar, Emilio _938156 |
||
| 245 | _aGeobotánica / | ||
| 260 |
_aBarcelona : _bLabor, |
||
| 300 |
_a339 páginas ; _c19 cm. |
||
| 440 |
_aCiencias naturales _n199 - 200 _938157 |
||
| 505 | _aContenido : Definición y división de la materia -- La cinecia como hecho de habitad -- Composición y dinamismo de las sinecias ... | ||
| 650 |
_aDivisión _938158 |
||
| 650 |
_aMateria _9883 |
||
| 650 |
_aBotánica _92790 |
||
| 942 |
_2ddc _cLIBROS |
||
| 945 |
_arah _d10/05/2019 |
||